Der Sindrige Herremands Don Quixote af Mancha (Record no. 2729)

MARC details
000 -CABECERA
campo de control de longitud fija 01998nam a2200337 a 4500
001 - NÚMERO DE CONTROL
campo de control BRCA_2990
005 - FECHA Y HORA DE LA ÚLTIMA TRANSACCIÓN
campo de control 20190320204047.0
008 - DATOS DE LONGITUD FIJA--INFORMACIÓN GENERAL
campo de control de longitud fija 140109s1776----dk-a---###---#000-0ddan-u
041 ## - CÓDIGO DE LENGUA
Código de lengua del texto/banda sonora o título independiente dan
044 ## - CÓDIGO DEL PAÍS DE LA ENTIDAD EDITORA/PRODUCTORA
Código MARC del país dk
084 ## - OTRO NÚMERO DE CLASIFICACIÓN
Número de clasificación 313
Número de documento/Ítem .G95
-- 1776
100 1# - ENTRADA PRINCIPAL--NOMBRE DE PERSONA
Nombre de persona Cervantes Saavedra, Miguel de
Fechas asociadas al nombre 1547-1616
9 (RLIN) 213
245 10 - MENCIÓN DE TÍTULO
Título Der Sindrige Herremands Don Quixote af Mancha
Resto del título Levnet og Bedrifter
Mención de responsabilidad, etc. Fortfattet af Miguel de Cervantes Saavedra.
260 ## - PUBLICACIÓN, DISTRIBUCIÓN, ETC.
Lugar de publicación, distribución, etc. Kiöbenhavn
Nombre del editor, distribuidor, etc. Trykt paa Gyldendals
Fecha de publicación, distribución, etc. 1776
300 ## - DESCRIPCIÓN FÍSICA
Extensión 4 v.
Otras características físicas il.
Dimensiones 20 cm.
500 ## - NOTA GENERAL
Nota general Contenido : v 1. Primera parte. Retrato de Cervantes. Dedicatoria de la traductora en francés. Vida de Cervantes traducción de la hecha por Mayáns. Prólogo del autor. Versos preliminares. Texto. -- v 2. Primera parte. Texto. -- v 3. Segunda parte. Prólogo del autor. Texto. -- v 4. Segunda parte. Advertencia al lector. Texto
500 ## - NOTA GENERAL
Nota general Edición : Oversat, Efter der it Amsterdam og Leipzig 1755, Udgivne Spanske Oplag, af Charlotta Dorothea Biehl
500 ## - NOTA GENERAL
Nota general Primera traducción danesa, hecha por Carlotta Dorothea Biehl, según la edición castellana de Amsterdam y Leipzig de 1755; precedida de una biografía de Cervantes extractada de la escrita por Mayáns e ilustrada con un retrato de Cervantes y varias láminas, hechas sobre los dibujos de Coypel. Edición regularmente impresa y en mal papel. Semipiel con adornos Lúdovik Osterc
500 ## - NOTA GENERAL
Nota general QM592
546 ## - NOTA DE LENGUA/LENGUAJE
Nota de lengua/lenguaje Texto en : danés
650 14 - PUNTO DE ACCESO ADICIONAL DE MATERIA--TÉRMINO DE MATERIA
Término de materia o nombre geográfico como elemento de entrada Novela española
Subdivisión cronológica Época clásica, 1500-1700
9 (RLIN) 215
650 14 - PUNTO DE ACCESO ADICIONAL DE MATERIA--TÉRMINO DE MATERIA
Término de materia o nombre geográfico como elemento de entrada Literatura española
Subdivisión cronológica Época clásica, 1500-1700
9 (RLIN) 216
650 14 - PUNTO DE ACCESO ADICIONAL DE MATERIA--TÉRMINO DE MATERIA
Término de materia o nombre geográfico como elemento de entrada Novela española
Subdivisión cronológica Siglo XVII
9 (RLIN) 217
650 14 - PUNTO DE ACCESO ADICIONAL DE MATERIA--TÉRMINO DE MATERIA
Término de materia o nombre geográfico como elemento de entrada Don Quijote (Personaje ficticio)
Término indicativo de función/relación Novela
9 (RLIN) 218
700 1# - PUNTO DE ACCESO ADICIONAL--NOMBRE DE PERSONA
Nombre de persona Biehl, Charlotta Dorothea
Fechas asociadas al nombre 1731-1788
Término indicativo de función/relación Traductor
9 (RLIN) 8275
700 1# - PUNTO DE ACCESO ADICIONAL--NOMBRE DE PERSONA
Nombre de persona Coypel, Charles-Antoine
Fechas asociadas al nombre 1694-1752
Término indicativo de función/relación Ilustrador
9 (RLIN) 8276
700 1# - PUNTO DE ACCESO ADICIONAL--NOMBRE DE PERSONA
Nombre de persona Mayans I. Siscar, Gregorio
Fechas asociadas al nombre 1699-1781
Término indicativo de función/relación Biógrafo
9 (RLIN) 8277
740 0# - PUNTO DE ACCESO ADICIONAL--TÍTULO RELACIONADO O ANALÍTICO NO CONTROLADO
Título relacionado o analítico no controlado El Ingenioso Hidalgo Don Quijote de la Mancha
902 ## - CATALOGADOR
Iniciales QFM
942 ## - ELEMENTOS DE PUNTO DE ACCESO ADICIONAL (KOHA)
Fuente del sistema de clasificación o colocación Library of Congress Classification
Tipo de ítem Koha Libros
Holdings
Estado de retiro Estado de pérdida Estado dañado No para préstamo Localización permanente Ubicación/localización actual Fecha de adquisición Número de inventario Total de préstamos Signatura topográfica completa Código de barras Fecha visto por última vez Precio válido a partir de Tipo de ítem Koha
El ejemplar forma parte de la colección y puede ser consultado según las políticas vigentes.       Biblioteca del Museo Franz Mayer (Rogerio Casas-Alatriste) Biblioteca del Museo Franz Mayer (Rogerio Casas-Alatriste) 14/01/2009 QM592   313 .G95 1776 (QM592) 2987 22/03/2019 22/03/2019 Libros